000 00758nas a2200265 4500
001 BR9501007
003 BR-BrBNA
005 20231205094248.0
007 ta
008 230509b bl.|||p| |||| 00| 00por d
040 _aBR-BrBNA
_bpor
_cBiblioteca Nacional de Agricultura
041 _a(Pt)
072 _aF62
100 1 _aCamara, F.A.A.
100 1 _aPasqual, M.
100 1 _aIshida, J.S.
100 1 _aBastos, E.G.
245 1 _aBulbificacao "In Vitro" de alho (Allium sativum L.)cultivar gigante roxo
650 _aAlho
650 _aBulbo
650 _aGerminacao
773 0 _tRevista Ceres (Brazil)
_xISSN 0034-737X
_g(Nov-Dec 1993), v. 40(232) p. 566-574
_wBR9501007
909 _a202311
_bLúcia
_c55
_dLúcia Elande
942 _2AGRIS
_n0
_cANA
999 _c143176
_d143176